000 00421nam a2200169Ia 4500
005 20250508150258.0
008 008 250505s9999 xx 000 0 eng d
037 _aReference
040 _aFEDL
_beng
_cFEDL
041 _aeng
_2eng
084 _a370.1, WHI
_qFEDL
100 _aWhitehead A N
245 0 _aAims of education
300 _a245p.
942 _cREF
_h370.1, WHI
999 _c1322791
_d1322791